| Tag |
First Indicator |
Second Indicator |
Subfields |
| LEADER |
00000cam a2200000 a 4500 |
| 001 |
in00000025016 |
| 005 |
20151007055705.0 |
| 008 |
870923s1987 si b 00010 eng |
| 010 |
|
|
|a 87027418
|
| 020 |
|
|
|a 9971504790
|
| 020 |
|
|
|a 9971504804 (pbk.)
|
| 035 |
|
|
|a (OCoLC)16831355
|
| 035 |
|
|
|9 AAB8991AM
|
| 040 |
|
|
|a DLC
|c DLC
|d TXA
|d UtOrBLW
|
| 049 |
|
|
|a TXAM
|c [A11112118]
|
| 050 |
0 |
0 |
|a QA267
|b .C49 1987
|
| 082 |
0 |
|
|a 511.3
|2 19
|
| 100 |
1 |
|
|a Chaitin, Gregory J.
|
| 245 |
1 |
0 |
|a Information, randomness & incompleteness :
|b papers on algorithmic information theory /
|c Gregory J. Chaitin.
|
| 264 |
|
1 |
|a Singapore ;
|a Teaneck, NJ, USA :
|b World Scientific,
|c [1987]
|
| 264 |
|
4 |
|c ©1987
|
| 300 |
|
|
|a x, 272 pages ;
|c 23 cm.
|
| 336 |
|
|
|a text
|b txt
|2 rdacontent
|
| 337 |
|
|
|a unmediated
|b n
|2 rdamedia
|
| 338 |
|
|
|a volume
|b nc
|2 rdacarrier
|
| 490 |
1 |
|
|a Series in computer science ;
|v vol. 8
|
| 504 |
|
|
|a Includes bibliographies.
|
| 650 |
|
0 |
|a Machine theory.
|
| 650 |
|
0 |
|a Computational complexity.
|
| 650 |
|
0 |
|a Stochastic processes.
|
| 830 |
|
0 |
|a Series in computer science ;
|v vol. 8.
|
| 999 |
|
|
|a MARS
|
| 999 |
f |
f |
|s 4058a786-3219-3a55-a3b5-747f1bd8e994
|i ba5b025c-4885-30f2-b1cc-fbc60b310770
|t 0
|
| 952 |
f |
f |
|p ric
|a Texas A&M University
|b Rellis Campus
|c Joint Library Facility
|d Remote Storage
|t 0
|e QA267 .C49 1987
|h Library of Congress classification
|i unmediated -- volume
|m A14811112118
|
| 998 |
f |
f |
|a QA267 .C49 1987
|t 0
|l Remote Storage
|